| 000 | 02602nam0a2200433 i 4500 | ||
|---|---|---|---|
| 001 | RU\NLR\BIBL_A\010019205 | ||
| 005 | 20260407203119.0 | ||
| 010 |
_a9785967508424 _9100 |
||
| 021 |
_aRU _b2013-92421 _96400 |
||
| 035 | _a(NILC)RuMoRGB-006696810 | ||
| 035 | _a(NLR Aleph) 010019205 | ||
| 090 |
_a9892431 _c9892431 |
||
| 100 | _a20131227d2013 um y0rusy50 ca | ||
| 101 | 0 |
_arus _deng |
|
| 102 | _aRU | ||
| 105 | _aa|||||||||||| | ||
| 200 | 1 |
_aГавриил Иванович Гурин _dGavriil Ivanovich Gurin _e(к 155-летию со дня рождения) _eбиобиблиографический указатель _fМ-во сел. хоз-ва Рос. Федерации, Федер. гос. бюджет. образоват. учреждение высш. проф. образования "Рос. гос. аграр. ун-т - МСХА им. К. А. Тимирязева", Зооинж. фак., Каф. зоогигиены, акушерства и ветеринарии _g[подгот.: В. Г. Зароза и др. _gредкол.: В.М. Баутин, акад. РАСХН - пред. и др.] _zeng |
|
| 210 |
_aМосква _cИзд-во РГАУ-МСХА _d2013 |
||
| 215 |
_a69 с. _cпортр., ил., цв. ил., факс. _d21 |
||
| 225 | 1 | _aУченые Тимирязевской академии | |
| 300 | _aРез. на англ. яз. | ||
| 320 | _aУказ. тр. Г.И. Гурина: с. 23-36 | ||
| 320 | _aАлф. указ. тр. Г.И. Гурина: с. 38-43 | ||
| 510 | 0 |
_aGavriil Ivanovich Gurin _zeng |
|
| 600 | 1 |
_aГурин _bГ.И. _f1858 - 1933 _gГавриил Иванович _jБиобиблиография _92170767 _3RU\NLR\AUTH\6601542352 |
|
| 675 | _a012Гурин | ||
| 675 | _a016:619(47+57)(092) | ||
| 686 | 1 | _aП8д(2)Гурин | |
| 702 | 1 |
_4570 _7ca _8rus _aГурин _bГ. И. _f1858-1933 _gГавриил Иванович _9262761 _3RU\NLR\AUTH\770262817 |
|
| 702 | 1 |
_aБаутин _bВ.М. _gВладимир Моисеевич _4340 |
|
| 702 | 1 |
_aЗароза _bВ. Г. _gВасилий Григорьевич _4220 |
|
| 712 | 0 | 2 |
_4570 _aРоссийский государственный аграрный университет - МСХА им. К. А. Тимирязева _bКафедра зоогигиены, акушерства и ветеринарии _3RU\NLR\AUTH\8810134835 _9765669 |
| 801 | 0 |
_aRU _bRuMoRKP _c20131114 _gRCR |
|
| 801 | 2 |
_aRU _bРГБ _c20131206 _grcr |
|
| 942 | _cBOOK | ||
| 980 | _aNBR | ||